{"text_format":"3","workbook":"xls","n_sheets":1,"sheets":["Sheet1"],"read":"whole","date_system":"1900","formulas":"cached_only"}

{"sheet":"Sheet1","index":0,"n_rows":23,"n_cols":9,"rows_kept":23,"merged":[[0,0,0,8],[1,0,1,8],[3,0,11,0],[3,8,10,8],[12,0,22,0],[12,8,21,8]],"flags":["formulas_cached_only"]}
["绿化劳务综合单价及工程量清单（附表）"]
["注：该清单工程量为暂定工程量，实际工程量以设计及业主最终确认并实施验收合格工程量为准，如因工程进度原因在完成招投标签订合同前实施的工程量将在清单中予以扣除，不计入最终结算。"]
["标段","施工项目","子目号","子目名称","单位","数量","劳务单价","合价","备注"]
["01标（K0+000-K13+860,含连接线）","1、清理坡面，2、撒播草籽（含材料），3、覆盖无纺布（含材料），4、洒水养护及施肥，5、成活期保养（2年）",null,"撒播草种(主线)","m2",120447,3.5,421565]
[null,"1、取土、过筛、拌合（含土源、草籽），2、清理及湿润破面，3、喷播4、覆盖无纺布（含材料）5、养护6、成活期保养（2年）",null,"客土喷播（10cm厚）","m2",32522,22.5,731745]
[null,"1、挂网施工（含材料）",null,"镀锌铁丝网","m2",27693,8.5,235391]
[null,"1、苗木采购（含运输），2、苗木栽种，3、整形修剪，4、洒水养护及施肥，5、成活期保养（2年）",null,"樟树（Φ6-7cm，H200-250cm，P90-100cm）","棵",5296,115,609040]
[null,"1、场地整平，2、撒播草籽（含材料），3、覆盖无纺布（含材料），4、洒水养护及施肥，5、成活期保养（2年）",null,"撒播草种（取弃土场）","m2",95730,3.5,335055]
[null,"1、苗木采购（含运输），2、苗木栽种，3、整形修剪，4、洒水养护及施肥，5、成活期保养（2年）",null,"木荷（Φ4-6cm，P≥150cm）","棵",10,65,650]
[null,"1、苗木采购（含运输），2、苗木栽种，3、整形修剪，4、洒水养护及施肥，5、成活期保养（2年）",null,"马尾松(一年生）","棵",95730,3.2,306336]
[null,"1、苗木采购（含运输），2、苗木栽种，3、整形修剪，4、洒水养护及施肥，5、成活期保养（2年）",null,"木荷（一年生）","棵",10,3.1,31]
[null,null,"合计",{"$nulls":4},2639813]
["02标（K13+860-K5+253）","1.挖、装、运输土方，2、填料、整平",null,"铺设表土","m3",374.3,32,11978]
[null,"1、清理坡面，2、撒播草籽（含材料），3、覆盖无纺布（含材料），4、洒水养护及施肥，5、成活期保养（2年）",null,"撒播草种(主线)","m2",93015.5,3.5,325554]
[null,"1、取土、过筛、拌合（含土源、草籽），2、清理及湿润破面，3、喷播4、覆盖无纺布（含材料）5、养护6、成活期保养（2年）",null,"客土喷播（10cm厚）","m2",28262.85,22.5,635914]
[null,"1、挂网施工（含材料）",null,"镀锌铁丝网","m2",22920.73,8.5,194826]
[null,"1、苗木采购（含运输），2、苗木栽种，3、整形修剪，4、洒水养护及施肥，5、成活期保养（2年）",null,"樟树（Φ6-7cm，H200-250cm，P90-100cm）","棵",4434,115,509910]
[null,"1、场地整平，2、撒播草籽（含材料），3、覆盖无纺布（含材料），4、洒水养护及施肥，5、成活期保养（2年）",null,"撒播草种（取弃土场）","m2",69826,3.5,244391]
[null,"1、苗木采购（含运输），2、苗木栽种，3、整形修剪，4、洒水养护及施肥，5、成活期保养（2年）",null,"木荷（Φ4-6cm，P≥150cm）","棵",10,65,650]
[null,"1、苗木采购（含运输），2、苗木栽种，3、整形修剪，4、洒水养护及施肥，5、成活期保养（2年）",null,"马尾松(一年生）","棵",69826,3.2,223443]
[null,"1、苗木采购（含运输），2、苗木栽种，3、整形修剪，4、洒水养护及施肥，5、成活期保养（2年）",null,"木荷（一年生）","棵",10,3.1,31]
[null,"1、取土、过筛、拌合（含土源、草籽），2、装袋、搬运及码放3、洒水养护，4、成活期保养（2年）",null,"植生袋（20cm）","m2",3008,40,120320]
[null,null,"合计",{"$nulls":4},2267017]